| 000 | 00605cam a22002173a 4500 | ||
|---|---|---|---|
| 001 | 35699 | ||
| 003 | PGUSA | ||
| 005 | 20140828083752.0 | ||
| 008 | 110328s2011||||xxu|||||s|||||000 | eng d | ||
| 040 |
_aPGUSA _beng |
||
| 042 | _adc | ||
| 100 | 1 |
_aO'Keeffe, John, _d1747-1833 |
|
| 245 | 1 | 0 |
_aFontainbleau _h[electronic resource] / _cJohn O'Keeffe |
| 260 |
_bProject Gutenberg, _c2011 |
||
| 506 | _aPublic domain in the USA. | ||
| 516 | _aElectronic text | ||
| 700 | 1 |
_aInchbald, _cMrs, _d1753-1821 |
|
| 830 | 0 |
_aProject Gutenberg _v35699 |
|
| 856 | 4 | 0 | _uhttp://www.gutenberg.org/ebooks/35699 |
| 942 | _cEB | ||
| 999 |
_c264954 _d264954 |
||